Kabale University Library Catalogue

Plant biology / (Record no. 5975)

MARC details
000 -LEADER
fixed length control field 01359pam a2200325 a 4500
003 - CONTROL NUMBER IDENTIFIER
control field OSt
005 - DATE AND TIME OF LATEST TRANSACTION
control field 20260203132714.0
008 - FIXED-LENGTH DATA ELEMENTS--GENERAL INFORMATION
fixed length control field 041015s2006 at ab b 001 0 eng
020 ## - INTERNATIONAL STANDARD BOOK NUMBER
International Standard Book Number 9781260571042
040 ## - CATALOGING SOURCE
Original cataloging agency KABLIB
Transcribing agency KABLIB
Modifying agency KABLIB
Language of cataloging eng
Description conventions rda
082 00 - DEWEY DECIMAL CLASSIFICATION NUMBER
Classification number 580.1
Edition number 23
Item number BID
100 ## - MAIN ENTRY--PERSONAL NAME
Personal name Bidlack E. James
9 (RLIN) 15059
245 00 - TITLE STATEMENT
Title Plant biology /
Statement of responsibility, etc. James E. Bidlack ... [et al.].
250 ## - EDITION STATEMENT
Edition statement 15th ed.
260 ## - PUBLICATION, DISTRIBUTION, ETC.
Place of publication, distribution, etc. Newyork;
-- Belmont, CA, USA :
Name of publisher, distributor, etc. MC GrawHill,
Date of publication, distribution, etc. c2021
300 ## - PHYSICAL DESCRIPTION
Extent 603 p. :
Other physical details ill. (chiefly col.), col. ;
Dimensions 29 cm.
336 ## - CONTENT TYPE
Content type term text
Content type code txt
Source rdacontent
337 ## - MEDIA TYPE
Media type term unmediated
Media type code n
Source rdamedia
338 ## - CARRIER TYPE
Carrier type term volume
Carrier type code nc
Source rdacarrier
504 ## - BIBLIOGRAPHY, ETC. NOTE
Bibliography, etc. note Includes bibliographical references and index.
650 #0 - SUBJECT ADDED ENTRY--TOPICAL TERM
Topical term or geographic name entry element Botany.
9 (RLIN) 382
700 1# - ADDED ENTRY--PERSONAL NAME
Personal name Rost, Thomas L.
9 (RLIN) 15060
856 42 - ELECTRONIC LOCATION AND ACCESS
Materials specified Contributor biographical information
Uniform Resource Identifier <a href="http://www.loc.gov/catdir/enhancements/fy1103/2004115123-b.html">http://www.loc.gov/catdir/enhancements/fy1103/2004115123-b.html</a>
856 42 - ELECTRONIC LOCATION AND ACCESS
Materials specified Publisher description
Uniform Resource Identifier <a href="http://www.loc.gov/catdir/enhancements/fy1103/2004115123-d.html">http://www.loc.gov/catdir/enhancements/fy1103/2004115123-d.html</a>
856 41 - ELECTRONIC LOCATION AND ACCESS
Materials specified Table of contents only
Uniform Resource Identifier <a href="http://www.loc.gov/catdir/enhancements/fy1103/2004115123-t.html">http://www.loc.gov/catdir/enhancements/fy1103/2004115123-t.html</a>
906 ## - LOCAL DATA ELEMENT F, LDF (RLIN)
a 7
b cbc
c origcop
d 3
e epcn
f 20
g y-gencatlg
942 ## - ADDED ENTRY ELEMENTS (KOHA)
Source of classification or shelving scheme Dewey Decimal Classification
Koha item type Book
Holdings
Withdrawn status Lost status Source of classification or shelving scheme Damaged status Not for loan Home library Current library Shelving location Date acquired Source of acquisition Total Checkouts Full call number Barcode Date last seen Price effective from Koha item type
    Dewey Decimal Classification     Education Library Education Library Open Access Section 03.02.2026 Purchased   580.1 BID 14075 03.02.2026 03.02.2026 Book
    Dewey Decimal Classification     Education Library Education Library Open Access Section 03.02.2026 Purchased   580.1 BID 14076 03.02.2026 03.02.2026 Book
    Dewey Decimal Classification     Education Library Education Library Open Access Section 03.02.2026 Purchased   580.1 BID 14077 03.02.2026 03.02.2026 Book

Kabale University Library | Kabale University P.O Box 317, Kabale, Uganda
Tel : +256754017033, +256774661503 E-mail : library@kab.ac.ug